| 000 | 01245nam0a22002651 4500 | ||
|---|---|---|---|
| 001 | rc\4323432 | ||
| 005 | 20260407160456.0 | ||
| 021 |
_aRU _b61-49917 |
||
| 021 |
_aRU _bРг7578 |
||
| 035 | _a(NLR Aleph) 008267341 | ||
| 090 |
_a8434283 _c8434283 |
||
| 100 | _a20130416d1961 |||y0rusy50 ca | ||
| 101 | 0 | _arus | |
| 102 | _aRU | ||
| 105 | _aa z ||||| | ||
| 200 | 1 |
_aНовые данные по технологии обжига магнитного обогащения керченских руд _e(Доклад на Укр. респ. совещании по расширению использования металла из руд Керченского месторождения) _fИн-т техн. информации |
|
| 210 |
_aКиев _cБ. и. _d1961 |
||
| 215 |
_a16 с. _cил. _d19 |
||
| 700 | 1 |
_aГребнев _bС.К. _gСергей Константинович |
|
| 712 | 1 | 2 |
_aУкраинское респ. совещание по расширению использования металла из руд Керченского месторождения _f1961 _eКиев _3RU\NLR\AUTH\8810098090 _9697225 |
| 801 | 0 |
_aRU _bNLR _gpsbo |
|
| 801 | 1 |
_aRU _bELAR _2rusmarc |
|
| 852 |
_aNLR _j61-4/12236 |
||
| 942 | _cBOOK | ||
| 980 | _aNB | ||